000 00461cam a2200193ua 4500
001 5336
005 20260515113851.0
008 120818n xxk |||gr||||Z||||||eng
020 _a1-85326-009-6
040 _cMAIN
082 _a822.2
100 1 _aShakespeare, William,
_eAuthor.
245 1 0 _aHamlet
_cby William Shakespeare
250 _a1st.
260 _aLondon:
_bWordsworth classics,
_c1992.
300 _a176p:
_c15cm.
653 _aDrama
942 _cBK
999 _c4513
_d4513